00844nam a2200241Ia 4500003000400000005001700004008004100021040001800062041000800080082001600088100002700104245005500131250001200186260005200198300002700250650003200277650005000309650003500359650003100394942003000425999001900455952012800474OSt20240430092722.0210716s2008 xx 000 0 und d cAIMIT LIBRARY aeng a005.73 AGAU aAgarwal, Udit.9162589 aAlgorithms design and analysis./cby Udit Agarwal. a1st ed. aNew Delhi :bDhanpat Rai and Co (P) Ltd,c2008. axv,490 p.;bPBc25 cm. aGrowth of functions9162590 aAnalysis of simple sorting algorithms9162591 aSorting in linear time9162592 aBinary search tree9162593 2ddccBKe1stk005.73 AGAU c189712d189712 001040708MCAaAIMITbAIMITeAthulya Booksg200.00l0o005.73 AGAUpMCA09220r2025-07-21 00:00:00v160.00w2021-07-16yBK